Discovering & Exploring Habits of Mind (Record no. 19968)

MARC details
000 -LEADER
fixed length control field 00653nam a22002057a 4500
003 - CONTROL NUMBER IDENTIFIER
control field OSt
005 - DATE AND TIME OF LATEST TRANSACTION
control field 20250725123136.0
008 - FIXED-LENGTH DATA ELEMENTS--GENERAL INFORMATION
fixed length control field 250725b |||||||| |||| 00| 0 eng d
020 ## - INTERNATIONAL STANDARD BOOK NUMBER
International Standard Book Number 978-0-87120-368-7
040 ## - CATALOGING SOURCE
Transcribing agency Chuka University Library
050 ## - LIBRARY OF CONGRESS CALL NUMBER
Classification number LB 1590.3.D6
100 ## - MAIN ENTRY--PERSONAL NAME
Personal name Costa L. Arthur...et al
9 (RLIN) 20518
245 ## - TITLE STATEMENT
Title Discovering & Exploring Habits of Mind
260 ## - PUBLICATION, DISTRIBUTION, ETC.
Place of publication, distribution, etc. Alexandria, Virginia USA
Name of publisher, distributor, etc. Association for Supervision and Curriculum Development
Date of publication, distribution, etc. 2000
300 ## - PHYSICAL DESCRIPTION
Extent 108p.
650 ## - SUBJECT ADDED ENTRY--TOPICAL TERM
Topical term or geographic name entry element Thought and Thinking Study and Teaching
9 (RLIN) 20519
650 ## - SUBJECT ADDED ENTRY--TOPICAL TERM
Topical term or geographic name entry element Cognition in Children
9 (RLIN) 11450
650 ## - SUBJECT ADDED ENTRY--TOPICAL TERM
Topical term or geographic name entry element Intellect
9 (RLIN) 20520
942 ## - ADDED ENTRY ELEMENTS (KOHA)
Source of classification or shelving scheme Library of Congress Classification
Koha item type Long Loan Books
Suppress in OPAC No
Holdings
Withdrawn status Lost status Source of classification or shelving scheme Damaged status Not for loan Collection Home library Current library Shelving location Date acquired Total Checkouts Full call number Barcode Date last seen Price effective from Koha item type
    Library of Congress Classification     General Collection Books Main Campus Library Chogoria Campus Library General Stacks 25/07/2025   LB 1590.3.D6 2000 27470/2025 25/07/2025 25/07/2025 Long Loan Books

Powered by Koha